00856 2200205 4500001002100000005001500021035002000036245007800056100002000134250001700154300005600171260003100227082000800258084001400266020002200280650003300302520025800335008004100593990001600634INLIS00000000000000120240317104321 a0010-03240000011 aSeri Ragam Budaya Nusantara :bFahombo yang Luar Biasa /cAnisa Widiyarti0 aAnisa Widiyarti acetakan ke-1 a36 cm :bilus ;c19 cmeSeri Ragam Budaya Nusantara aSolo :bTiga Ananda,c2019 a813 a813 ANI s a978-623-206-213-9 4aKesusatraan Anak, Fiksi Anak aRandi dan Binsinar sedang menonton tradisi lompat batu ata fahombo. Pada tradisi itu, para pemuda melompati sebuah batu yang tingginya mencapai dua meter. Wah apah mereka tidak takut jatuh atau cedera? Dan, bagaimana mereka melakukannya? Cari tahu, yuk!240317 b 1 ind  a00000000001